[Event "Pilsen Open 2015"]
[Site "Pilsen CZE"]
[Date "2015.11.23"]
[Round "2.10"]
[White "Gouma, Ronald"]
[Black "Ilandzis, Spyridon"]
[Result "1/2-1/2"]
[WhiteElo "1897"]
[BlackElo "2173"]
[PlyCount "80"]
[EventDate "2015.11.22"]
[EventType "swiss"]
[EventRounds "7"]
[EventCountry "CZE"]
[Source "lmi"]
[SourceDate "2015.11.22"]

1. e4 d5 2. exd5 Qxd5 3. Nc3 Qa5 4. d4 Nf6 5. Nf3 Bg4 6. Be2 e6 7. h3 Bh5 8.
O-O Nbd7 9. Bd2 c6 10. a3 Qc7 11. Re1 Be7 12. Ne5 Nxe5 13. Bxh5 Nc4 14. Bc1 O-O
15. Be2 Nb6 16. Bd3 Rad8 17. Be3 Nbd5 18. Nxd5 Nxd5 19. Qf3 Qb6 20. b4 Nxe3 21.
fxe3 a5 22. Qh5 f5 23. Rab1 axb4 24. axb4 Qc7 25. Qf3 Bh4 26. Red1 Rf6 27. b5
c5 28. b6 Qe7 29. dxc5 Qxc5 30. Qxb7 Qxe3+ 31. Kh1 Bg3 32. Qf3 Qxf3 33. gxf3
Bd6 34. b7 Kf8 35. Rb6 Bb8 36. Ra6 Rh6 37. Kg2 Rg6+ 38. Kf2 Rh6 39. Kg2 Rg6+
40. Kf2 Rh6 1/2-1/2

[Event "Pilsen Open 2015"]
[Site "Pilsen CZE"]
[Date "2015.11.23"]
[Round "2.11"]
[White "Malinovsky, Petr"]
[Black "Eret, Jonas"]
[Result "1/2-1/2"]
[WhiteElo "1951"]
[BlackElo "2098"]
[PlyCount "100"]
[EventDate "2015.11.22"]
[EventType "swiss"]
[EventRounds "7"]
[EventCountry "CZE"]
[Source "lmi"]
[SourceDate "2015.11.22"]

1. d4 d6 2. e4 Nf6 3. f3 e5 4. dxe5 dxe5 5. Qxd8+ Kxd8 6. Bc4 Be6 7. Bxe6 fxe6
8. Be3 Nbd7 9. Nc3 Bc5 10. Bxc5 Nxc5 11. O-O-O+ Ke7 12. Nh3 Nh5 13. Nf2 Nf4 14.
g3 Ng6 15. Nd3 Nxd3+ 16. Rxd3 Rad8 17. Rhd1 Rxd3 18. Rxd3 a6 19. a4 b6 20. Nb1
h5 21. h4 Nf8 22. Nd2 Rh6 23. Kd1 Rg6 24. Nf1 Nd7 25. b3 Nc5 26. Rd2 Rf6 27.
Ke2 Rf8 28. Rd1 Nd7 29. Ne3 Nb8 30. c3 Nc6 31. b4 a5 32. b5 Nb8 33. Nc4 Nd7 34.
Ke3 Rf6 35. Rd2 Rf8 36. Rd1 Rg8 37. Rh1 g5 38. hxg5 Rxg5 39. Kf2 Nc5 40. Nb2
Kf6 41. Rh3 Kg7 42. Rh1 Kh6 43. Rh3 Rg7 44. Rh1 Kg5 45. Rd1 Kf6 46. Rd8 Rh7 47.
Kg2 h4 48. g4 h3+ 49. Kh2 Kg5 50. Nd3 Nxd3 1/2-1/2

[Event "Pilsen Open 2015"]
[Site "Pilsen CZE"]
[Date "2015.11.23"]
[Round "2.12"]
[White "Froehlich, Manuel"]
[Black "Ruzicka, Vaclav"]
[Result "1-0"]
[WhiteElo "1675"]
[BlackElo "1642"]
[PlyCount "113"]
[EventDate "2015.11.22"]
[EventType "swiss"]
[EventRounds "7"]
[EventCountry "CZE"]
[Source "lmi"]
[SourceDate "2015.11.22"]

1. d4 Nf6 2. c4 d6 3. Nc3 Nbd7 4. e4 e5 5. d5 Nc5 6. Bd3 Nxd3+ 7. Qxd3 Be7 8.
Nge2 O-O 9. O-O Nh5 10. f4 Nxf4 11. Nxf4 exf4 12. Bxf4 Bg5 13. Qe3 Bxf4 14.
Rxf4 c6 15. Rd1 g5 16. Qg3 Kh8 17. Rf2 c5 18. Nb5 Qe7 19. Nxd6 f6 20. Rdf1 h5
21. Nxc8 Raxc8 22. Qc3 Kg7 23. Rf5 Kg6 24. e5 fxe5 25. Rxf8 Rxf8 26. Rxf8 Qxf8
27. Qxe5 Qf6 28. Qxf6+ Kxf6 29. Kf2 Ke5 30. Ke3 b5 31. Kd3 b4 32. a3 a5 33. a4
g4 34. g3 Kf5 35. b3 Ke5 36. Ke3 Kf5 37. Kf2 Ke5 38. Kg2 Kf5 39. h4 Kf6 40. Kf2
Kf5 41. Ke2 Kf6 42. Kd3 Kf5 43. d6 Ke6 44. Ke4 Kxd6 45. Kf5 Kd7 46. Ke5 Ke7 47.
Kd5 Kf6 48. Kxc5 Ke5 49. Kb5 Ke4 50. c5 Kf3 51. c6 Kxg3 52. c7 Kh2 53. c8=Q g3
54. Kxa5 g2 55. Qg8 g1=Q 56. Qxg1+ Kxg1 57. Kxb4 1-0

[Event "Pilsen Open 2015"]
[Site "Pilsen CZE"]
[Date "2015.11.23"]
[Round "2.13"]
[White "Pribyl, Viktor"]
[Black "Palla, Ivan"]
[Result "1/2-1/2"]
[WhiteElo "1830"]
[BlackElo "1580"]
[PlyCount "40"]
[EventDate "2015.11.22"]
[EventType "swiss"]
[EventRounds "7"]
[EventCountry "CZE"]
[Source "lmi"]
[SourceDate "2015.11.22"]

1. d4 f5 2. Bf4 Nf6 3. e3 e6 4. Nf3 Be7 5. h3 b6 6. Bc4 Bb7 7. Nbd2 Nc6 8. a3
Bd6 9. Ne5 Qe7 10. Bd3 O-O-O 11. c4 Rdg8 12. h4 g6 13. b4 Bxe5 14. dxe5 Ng4 15.
Nf3 h6 16. b5 Na5 17. Qc2 Qc5 18. Qc3 g5 19. hxg5 hxg5 20. Rxh8 Rxh8 1/2-1/2

[Event "Pilsen Open 2015"]
[Site "Pilsen CZE"]
[Date "2015.11.23"]
[Round "2.14"]
[White "Soutner, Jaroslav"]
[Black "Nechutny, Michal"]
[Result "1-0"]
[WhiteElo "1777"]
[BlackElo "1557"]
[PlyCount "47"]
[EventDate "2015.11.22"]
[EventType "swiss"]
[EventRounds "7"]
[EventCountry "CZE"]
[Source "lmi"]
[SourceDate "2015.11.22"]

1. e4 c5 2. Nf3 Nc6 3. d4 cxd4 4. Nxd4 Nf6 5. Nc3 e6 6. Ndb5 Bb4 7. Nd6+ Ke7 8.
Bf4 e5 9. Nf5+ Kf8 10. Bg5 h6 11. Bxf6 Qxf6 12. Bc4 d6 13. Ne3 Be6 14. Ned5
Bxd5 15. Bxd5 Ke7 16. Qd3 Rac8 17. O-O Bxc3 18. bxc3 Rc7 19. Qe3 Rhc8 20. Rfd1
b6 21. Rd3 Na5 22. Qh3 Ke8 23. Rf3 Qg5 24. Bxf7+ 1-0

[Event "Pilsen Open 2015"]
[Site "Pilsen CZE"]
[Date "2015.11.23"]
[Round "2.15"]
[White "Resnjanskij, Denis"]
[Black "Jurek, Josef"]
[Result "0-1"]
[WhiteElo "2087"]
[BlackElo "2290"]
[PlyCount "76"]
[EventDate "2015.11.22"]
[EventType "swiss"]
[EventRounds "7"]
[EventCountry "CZE"]
[Source "lmi"]
[SourceDate "2015.11.22"]

1. d4 Nf6 2. Nf3 e6 3. e3 b6 4. Bd3 Bb7 5. c4 c5 6. Nc3 Be7 7. O-O d6 8. b3
Nbd7 9. Qe2 a6 10. Bb2 O-O 11. Rfd1 Qc7 12. Rac1 Rfe8 13. Bb1 Bf8 14. a3 Rac8
15. d5 exd5 16. Nxd5 Nxd5 17. cxd5 Be7 18. Qc4 Bf6 19. Bxf6 Nxf6 20. Qh4 Qe7
21. Rc4 h6 22. Rf4 Nxd5 23. Qxe7 Rxe7 24. Rc4 b5 25. Rcc1 Rd8 26. g3 Nxe3 27.
Rd3 Bxf3 28. Rxe3 Rxe3 29. fxe3 Re8 30. Kf2 Be4 31. Bxe4 Rxe4 32. Kf3 Re6 33.
e4 Kf8 34. h4 h5 35. g4 hxg4+ 36. Kf4 g3 37. Rg1 Rf6+ 38. Ke3 Rg6 0-1

[Event "Pilsen Open 2015"]
[Site "Pilsen CZE"]
[Date "2015.11.23"]
[Round "2.16"]
[White "Thierry, Rein"]
[Black "Kruijf, Caspar"]
[Result "1/2-1/2"]
[WhiteElo "1702"]
[BlackElo "1892"]
[PlyCount "66"]
[EventDate "2015.11.22"]
[EventType "swiss"]
[EventRounds "7"]
[EventCountry "CZE"]
[Source "lmi"]
[SourceDate "2015.11.22"]

1. d4 d5 2. Nf3 Nf6 3. Bf4 c5 4. e3 Nc6 5. c3 Qb6 6. Qb3 c4 7. Qxb6 axb6 8.
Nbd2 b5 9. Be2 b4 10. O-O bxc3 11. bxc3 Bf5 12. Nh4 Bd7 13. Nhf3 Nh5 14. Bc7
Rc8 15. Bb6 Nf6 16. Bc5 e6 17. Bxf8 Rxf8 18. Rfb1 Na5 19. Rb6 Rc6 20. Rab1 Rxb6
21. Rxb6 Kd8 22. Ne5 Kc7 23. Nxd7 Nxd7 24. Rb5 Ra8 25. e4 Nc6 26. Rb2 Nxd4 27.
cxd4 Kc6 28. exd5+ exd5 29. Nxc4 dxc4 30. Bxc4 Rd8 31. Bb5+ Kc7 32. Rc2+ Kd6
33. Bxd7 Rxd7 1/2-1/2

[Event "Pilsen Open 2015"]
[Site "Pilsen CZE"]
[Date "2015.11.24"]
[Round "3.1"]
[White "Dambrauskas, Virginijus"]
[Black "Plischki, Sebastian"]
[Result "1/2-1/2"]
[WhiteElo "2267"]
[BlackElo "2392"]
[PlyCount "39"]
[EventDate "2015.11.22"]
[EventType "swiss"]
[EventRounds "7"]
[EventCountry "CZE"]
[Source "lmi"]
[SourceDate "2015.11.22"]

1. d4 Nf6 2. c4 g6 3. g3 Bg7 4. Bg2 O-O 5. Nc3 d6 6. Nf3 Nc6 7. O-O e5 8. dxe5
dxe5 9. Bg5 Be6 10. b3 h6 11. Bxf6 Bxf6 12. Ne4 Bg7 13. Qxd8 Raxd8 14. Rfd1 Bc8
15. Nc3 f5 16. e4 f4 17. Rxd8 Rxd8 18. Nd5 g5 19. Rb1 Kf7 20. Bf1 1/2-1/2

[Event "Pilsen Open 2015"]
[Site "Pilsen CZE"]
[Date "2015.11.24"]
[Round "3.2"]
[White "Strebkovs, Andrejs"]
[Black "Daels, Marc"]
[Result "1/2-1/2"]
[WhiteElo "2328"]
[BlackElo "2238"]
[PlyCount "104"]
[EventDate "2015.11.22"]
[EventType "swiss"]
[EventRounds "7"]
[EventCountry "CZE"]
[Source "lmi"]
[SourceDate "2015.11.22"]

1. c4 e5 2. g3 Nf6 3. Bg2 d5 4. cxd5 Nxd5 5. Nc3 Nb6 6. Nf3 Nc6 7. O-O Be7 8.
Rb1 Bf5 9. d3 O-O 10. a3 Qd7 11. b4 f6 12. Re1 Rfd8 13. Bb2 Be6 14. Ne4 Nd5 15.
Nc5 Bxc5 16. bxc5 a5 17. Ba1 Ra7 18. Nd2 a4 19. Qc2 Nde7 20. Nc4 Nf5 21. Ne3
Nfd4 22. Qc3 Nb3 23. Nc2 Ra5 24. Nb4 Rxc5 25. Qb2 Nca5 26. e3 Rb5 27. Qe2 Nxa1
28. Rxa1 c5 29. Na2 Rb3 30. Nc1 Rb6 31. Qc2 c4 32. Bf1 Nb3 33. Rb1 Qd6 34. dxc4
Qxa3 35. Bd3 h6 36. Rd1 Kh8 37. Be4 Rxd1+ 38. Qxd1 Rd6 39. Bd5 Bf5 40. Nd3 Nc5
41. Nxc5 Bxb1 42. Nxb7 Rb6 43. c5 Rb4 44. Qh5 Qc1+ 45. Kg2 Be4+ 46. Bxe4 Rxe4
47. Nd6 Rxe3 48. fxe3 Qxc5 49. Qe8+ Kh7 50. Ne4 Qc2+ 51. Kf3 Qd1+ 52. Kf2 Qc2+
1/2-1/2

[Event "Pilsen Open 2015"]
[Site "Pilsen CZE"]
[Date "2015.11.24"]
[Round "3.3"]
[White "Jurek, Josef"]
[Black "Seddaoui, Yamine"]
[Result "0-1"]
[WhiteElo "2290"]
[BlackElo "2153"]
[PlyCount "88"]
[EventDate "2015.11.22"]
[EventType "swiss"]
[EventRounds "7"]
[EventCountry "CZE"]
[Source "lmi"]
[SourceDate "2015.11.22"]

1. d4 Nf6 2. Nf3 e6 3. g3 b5 4. Qd3 a6 5. a4 b4 6. Bg2 Bb7 7. O-O Be7 8. c4 O-O
9. Bg5 Be4 10. Qb3 Nc6 11. Nbd2 Na5 12. Qd1 Bb7 13. Qc2 Rb8 14. e4 d6 15. Rfe1
h6 16. Bf4 Nd7 17. Nf1 c5 18. d5 Nb6 19. b3 exd5 20. exd5 Bf6 21. Rab1 Bc8 22.
N3d2 g5 23. Be3 Bg7 24. f3 Qf6 25. Ne4 Qg6 26. g4 Nd7 27. Nfg3 Ne5 28. Qe2 Nb7
29. Rf1 f5 30. gxf5 Bxf5 31. Nxf5 Rxf5 32. f4 gxf4 33. Rxf4 Rxf4 34. Bxf4 Re8
35. Re1 Ng4 36. Kh1 Bc3 37. Rf1 Bd4 38. h3 Nf6 39. Nxf6+ Bxf6 40. Qf3 Rf8 41.
Qe4 Qxe4 42. Bxe4 Bg5 43. Bxg5 Rxf1+ 44. Kg2 Re1 0-1

[Event "Pilsen Open 2015"]
[Site "Pilsen CZE"]
[Date "2015.11.24"]
[Round "3.4"]
[White "Palek, Miroslav"]
[Black "Borsos, Bogdan"]
[Result "1/2-1/2"]
[WhiteElo "2214"]
[BlackElo "2278"]
[PlyCount "32"]
[EventDate "2015.11.22"]
[EventType "swiss"]
[EventRounds "7"]
[EventCountry "CZE"]
[Source "lmi"]
[SourceDate "2015.11.22"]

1. e4 Nf6 2. d3 d5 3. e5 Nfd7 4. Nf3 c5 5. g3 Nc6 6. Qe2 e6 7. Bg2 Qc7 8. Bf4
h6 9. h4 Be7 10. c3 b6 11. Nbd2 Bb7 12. a3 a5 13. O-O a4 14. Rfe1 b5 15. g4 Nb6
16. Bg3 Ba6 1/2-1/2

[Event "Pilsen Open 2015"]
[Site "Pilsen CZE"]
[Date "2015.11.24"]
[Round "3.5"]
[White "Kuba, Stanislav"]
[Black "Docekal, Jan"]
[Result "0-1"]
[WhiteElo "2135"]
[BlackElo "2276"]
[PlyCount "96"]
[EventDate "2015.11.22"]
[EventType "swiss"]
[EventRounds "7"]
[EventCountry "CZE"]
[Source "lmi"]
[SourceDate "2015.11.22"]

1. g3 c5 2. c4 Nc6 3. Nc3 g6 4. Bg2 Bg7 5. e3 d6 6. a3 Bf5 7. d3 Nf6 8. Nf3 Qd7
9. h3 O-O 10. g4 Be6 11. Ng5 Rad8 12. O-O h5 13. Nxe6 Qxe6 14. gxh5 Nxh5 15.
Qg4 f5 16. Qg5 Qf7 17. Bf3 Bf6 18. Qg2 Qg7 19. Bd5+ Kh7 20. f4 e5 21. Bd2 exf4
22. exf4 Nd4 23. Rae1 Rfe8 24. Nb5 Bh4 25. Re3 Bg3 26. Kh1 Rxe3 27. Bxe3 Nxb5
28. cxb5 Re8 29. Rf3 Qe7 30. Qd2 Qh4 31. Kg2 Be1 32. Qc1 Re7 33. b4 b6 34. bxc5
dxc5 35. Bb3 Bg3 36. Qc4 Qf6 37. d4 Re4 38. Bc2 Bxf4 39. Bf2 Qg5+ 40. Kf1 Re7
41. Bb3 Rg7 42. dxc5 bxc5 43. Bxc5 Ng3+ 44. Ke1 Ne4 45. Bf8 Bg3+ 46. Ke2 Qd2+
47. Kf1 Qh2 48. Rxg3 Qf2# 0-1

[Event "Pilsen Open 2015"]
[Site "Pilsen CZE"]
[Date "2015.11.24"]
[Round "3.6"]
[White "Ilandzis, Spyridon"]
[Black "Froehlich, Manuel"]
[Result "1-0"]
[WhiteElo "2173"]
[BlackElo "1675"]
[PlyCount "75"]
[EventDate "2015.11.22"]
[EventType "swiss"]
[EventRounds "7"]
[EventCountry "CZE"]
[Source "lmi"]
[SourceDate "2015.11.22"]

1. b3 d5 2. Bb2 c5 3. e3 Bf5 4. Nf3 a6 5. Be2 Nc6 6. O-O e6 7. d4 Nf6 8. Nh4
Bg6 9. Nd2 cxd4 10. exd4 Qc7 11. Nxg6 hxg6 12. g3 Bd6 13. c4 b6 14. Rc1 Qd7 15.
Qc2 Ne7 16. c5 Bc7 17. b4 b5 18. Rfe1 Nc6 19. a4 Rb8 20. axb5 axb5 21. Qb3 Rh7
22. Ra1 Ke7 23. Bd3 Rbh8 24. Nf3 Rh3 25. Bxb5 Ng4 26. Ra6 Bxg3 27. fxg3 Qc7 28.
Rxc6 Rxg3+ 29. Kf1 Rxf3+ 30. Qxf3 Nxh2+ 31. Ke2 Qb8 32. Rb6 Qc7 33. Qe3 Ng4 34.
Qg5+ Nf6 35. Rd6 Kf8 36. Kd1 Rh5 37. Qg3 Ne4 38. Rxe6 1-0

[Event "Pilsen Open 2015"]
[Site "Pilsen CZE"]
[Date "2015.11.24"]
[Round "3.7"]
[White "Pavlicek, Petr"]
[Black "Scholzen, Wolfgang"]
[Result "0-1"]
[WhiteElo "1929"]
[BlackElo "2065"]
[PlyCount "70"]
[EventDate "2015.11.22"]
[EventType "swiss"]
[EventRounds "7"]
[EventCountry "CZE"]
[Source "lmi"]
[SourceDate "2015.11.22"]

1. e4 e6 2. d4 d5 3. Nd2 Nf6 4. e5 Nfd7 5. Bd3 c5 6. c3 Nc6 7. Ne2 cxd4 8. cxd4
f6 9. exf6 Nxf6 10. Nf3 Bd6 11. O-O Qc7 12. Nc3 a6 13. Bg5 O-O 14. Bh4 Bd7 15.
Bg3 Rac8 16. Rc1 Kh8 17. Qd2 Bxg3 18. hxg3 Qd6 19. Rfe1 Be8 20. Bb1 Bh5 21. Ne2
Bxf3 22. gxf3 e5 23. Kg2 e4 24. Ng1 Rce8 25. Re3 Re7 26. Nh3 Rfe8 27. Rh1 Kg8
28. a3 Qc7 29. Ba2 Qb6 30. Rd1 exf3+ 31. Kxf3 Rxe3+ 32. fxe3 Qd8 33. Nf4 Qd7
34. Kg2 Qe7 35. Nxd5 Qe4+ 0-1

[Event "Pilsen Open 2015"]
[Site "Pilsen CZE"]
[Date "2015.11.24"]
[Round "3.8"]
[White "Simet, Martin"]
[Black "Pribylova, Sofie"]
[Result "1-0"]
[WhiteElo "2116"]
[BlackElo "1888"]
[PlyCount "57"]
[EventDate "2015.11.22"]
[EventType "swiss"]
[EventRounds "7"]
[EventCountry "CZE"]
[Source "lmi"]
[SourceDate "2015.11.22"]

1. e4 c5 2. Nf3 d6 3. d4 cxd4 4. Nxd4 Nf6 5. Nc3 a6 6. a4 e6 7. Be2 Be7 8. Be3
Nbd7 9. f4 O-O 10. O-O Qc7 11. g4 Nc5 12. Bf3 e5 13. Nf5 Bxf5 14. exf5 exf4 15.
Bxf4 Qb6 16. Qd4 Qxb2 17. Ra2 Qb6 18. g5 Ne8 19. Nd5 Qd8 20. f6 gxf6 21. gxf6
Bxf6 22. Nxf6+ Qxf6 23. Qxf6 Nxf6 24. Bxd6 Rfc8 25. c4 Nce4 26. Rg2+ Kh8 27.
Be5 Re8 28. Bb2 Rg8 29. Bxe4 1-0

[Event "Pilsen Open 2015"]
[Site "Pilsen CZE"]
[Date "2015.11.24"]
[Round "3.9"]
[White "Sargsjan, Karen"]
[Black "Juricek, Stanislav"]
[Result "0-1"]
[WhiteElo "1868"]
[BlackElo "2107"]
[PlyCount "36"]
[EventDate "2015.11.22"]
[EventType "swiss"]
[EventRounds "7"]
[EventCountry "CZE"]
[Source "lmi"]
[SourceDate "2015.11.22"]

1. c4 e5 2. Nc3 Nc6 3. d3 g6 4. g3 Bg7 5. Bg2 d6 6. Nf3 h6 7. O-O Be6 8. e3 Qd7
9. Re1 Nge7 10. a3 O-O 11. Rb1 f5 12. Ne2 d5 13. Qa4 dxc4 14. dxc4 Rfd8 15. b4
e4 16. b5 exf3 17. bxc6 Nxc6 18. Bxf3 Nd4 0-1

[Event "Pilsen Open 2015"]
[Site "Pilsen CZE"]
[Date "2015.11.24"]
[Round "3.10"]
[White "Domanski, Lukasz"]
[Black "Soutner, Jaroslav"]
[Result "1-0"]
[WhiteElo "2083"]
[BlackElo "1777"]
[PlyCount "55"]
[EventDate "2015.11.22"]
[EventType "swiss"]
[EventRounds "7"]
[EventCountry "CZE"]
[Source "lmi"]
[SourceDate "2015.11.22"]

1. e4 e5 2. Nf3 Nc6 3. Bc4 Nf6 4. d4 exd4 5. O-O Nxe4 6. Re1 d5 7. Bxd5 Qxd5 8.
Nc3 Qa5 9. Nxe4 Be6 10. Neg5 O-O-O 11. Nxe6 fxe6 12. Rxe6 Bd6 13. Qe2 Kd7 14.
Bg5 Rde8 15. Rxe8 Rxe8 16. Qd1 Qb5 17. b3 Kc8 18. a4 Qf5 19. Bh4 Qc5 20. Qd3
Qc3 21. Qf5+ Kb8 22. Rd1 a6 23. Kf1 Nb4 24. Nxd4 Bc5 25. Ne6 Bb6 26. Qf7 Rc8
27. Qd7 Nxc2 28. Qxc8+ 1-0

[Event "Pilsen Open 2015"]
[Site "Pilsen CZE"]
[Date "2015.11.24"]
[Round "3.11"]
[White "Verwoert, Jef"]
[Black "Sedivy, Roman"]
[Result "1-0"]
[WhiteElo "2030"]
[BlackElo "1767"]
[PlyCount "81"]
[EventDate "2015.11.22"]
[EventType "swiss"]
[EventRounds "7"]
[EventCountry "CZE"]
[Source "lmi"]
[SourceDate "2015.11.22"]

1. e4 e6 2. d4 d5 3. Nc3 Bb4 4. e5 c5 5. Bd2 cxd4 6. Nb5 Be7 7. f4 Nc6 8. Nf3
Qb6 9. a4 a5 10. Bd3 Nh6 11. h3 O-O 12. O-O f6 13. g4 fxe5 14. fxe5 Nf7 15. Qe2
Bd7 16. Rae1 Bc5 17. Kh1 Nb4 18. Bxb4 Bxb4 19. Rd1 Bc5 20. Qh2 Qd8 21. h4 Nh6
22. Qg3 Qe7 23. b3 g6 24. Kg2 Rf7 25. Ng5 Rxf1 26. Rxf1 Rf8 27. Rxf8+ Qxf8 28.
h5 Be7 29. Nf3 g5 30. Nbxd4 Qg7 31. Kh3 Nf7 32. Qe1 Bd8 33. Bb5 Bxb5 34. Nxe6
Qh6 35. Nxd8 Nxd8 36. axb5 Ne6 37. Qd2 Nf4+ 38. Kg3 Ne6 39. Qxd5 Kf7 40. Qxb7+
Kg8 41. Qe7 1-0

[Event "Pilsen Open 2015"]
[Site "Pilsen CZE"]
[Date "2015.11.24"]
[Round "3.12"]
[White "Vlk, Miloslav"]
[Black "Von Keyserlingk, Chanda"]
[Result "0-1"]
[WhiteElo "1988"]
[BlackElo "1743"]
[PlyCount "146"]
[EventDate "2015.11.22"]
[EventType "swiss"]
[EventRounds "7"]
[EventCountry "CZE"]
[Source "lmi"]
[SourceDate "2015.11.22"]

1. c4 e6 2. Nc3 d5 3. d4 Nf6 4. Bg5 Be7 5. e3 O-O 6. Nf3 h6 7. Bh4 Ne4 8. Bxe7
Qxe7 9. Bd3 Nxc3 10. bxc3 dxc4 11. Bxc4 c5 12. O-O b6 13. Ne5 Bb7 14. Qa4 Qg5
15. g3 Qf5 16. f3 Qg5 17. f4 Qe7 18. Rfc1 Be4 19. Bd3 Bxd3 20. Nxd3 Nd7 21.
Rab1 Rfc8 22. Qa6 Qd8 23. a4 Nf6 24. dxc5 bxc5 25. Ne5 Qd2 26. Qd3 Qxd3 27.
Nxd3 Ne4 28. Kf1 Nd2+ 29. Ke2 Nxb1 30. Rxb1 Rc7 31. Rb5 Rac8 32. c4 f6 33. Kf3
Kf7 34. g4 Ke7 35. h4 Rc6 36. h5 Kd6 37. a5 R6c7 38. Ke4 Rd8 39. f5 e5 40. Kf3
a6 41. Rb6+ Rc6 42. Rb7 Rd7 43. Rb8 Kc7 44. Rb3 Kc8 45. Ke2 Rb7 46. Rxb7 Kxb7
47. Nb2 Rd6 48. Na4 Kc6 49. Nb6 Rd8 50. Kf3 Rb8 51. Nd5 Kd6 52. Ke4 Rb3 53. Nb6
Kc6 54. Nd5 Rb7 55. Nc3 Rb4 56. Kd3 Rb2 57. Nd5 Rg2 58. Ne7+ Kd7 59. Ng6 Ke8
60. Ke4 Rd2 61. Nh8 Ra2 62. Kd5 Rxa5 63. Ng6 Ra1 64. Kxc5 a5 65. Nh4 Rb1 66.
Nf3 a4 67. Nd2 Rb8 68. Ne4 Kd7 69. Kd5 a3 70. c5 a2 71. c6+ Kc7 72. Nc5 Rb5 73.
Kc4 Rxc5+ 0-1

[Event "Pilsen Open 2015"]
[Site "Pilsen CZE"]
[Date "2015.11.24"]
[Round "3.13"]
[White "Berka, Lubos"]
[Black "Malinovsky, Petr"]
[Result "0-1"]
[WhiteElo "1769"]
[BlackElo "1951"]
[PlyCount "64"]
[EventDate "2015.11.22"]
[EventType "swiss"]
[EventRounds "7"]
[EventCountry "CZE"]
[Source "lmi"]
[SourceDate "2015.11.22"]

1. e4 c5 2. Nc3 g6 3. g3 Bg7 4. Bg2 Nc6 5. d3 d6 6. Nge2 Nf6 7. O-O O-O 8. Rb1
Ne8 9. Be3 Nd4 10. Qd2 Rb8 11. Nd1 b5 12. c3 Nxe2+ 13. Qxe2 f5 14. f4 a5 15.
Bd2 b4 16. c4 Nc7 17. Ne3 Ne6 18. exf5 Nd4 19. Qd1 gxf5 20. Nc2 Bb7 21. h3 Qe8
22. Bxb7 Rxb7 23. Nxd4 Bxd4+ 24. Kg2 e5 25. fxe5 dxe5 26. Qf3 Rb6 27. b3 Rg6
28. Rbe1 Qd7 29. Kh2 Kh8 30. Re2 Rfg8 31. Rg2 f4 32. Be1 Qxh3+ 0-1

[Event "Pilsen Open 2015"]
[Site "Pilsen CZE"]
[Date "2015.11.24"]
[Round "3.14"]
[White "Prachar, Josef"]
[Black "Atmani, Amine"]
[Result "1-0"]
[WhiteElo "1940"]
[BlackElo "1575"]
[PlyCount "73"]
[EventDate "2015.11.22"]
[EventType "swiss"]
[EventRounds "7"]
[EventCountry "CZE"]
[Source "lmi"]
[SourceDate "2015.11.22"]

1. d4 d5 2. c4 e6 3. Nc3 Nf6 4. cxd5 exd5 5. Bg5 c6 6. e3 Bd6 7. Bd3 O-O 8. Qc2
h6 9. Bh4 Be6 10. Nge2 Nbd7 11. Bg3 Qc7 12. a3 Rfe8 13. Rb1 Rac8 14. O-O Nf8
15. Rfc1 a6 16. b4 Qd7 17. Na4 Bxg3 18. Nxg3 g6 19. Nb6 Qe7 20. Nxc8 Bxc8 21.
a4 Bd7 22. b5 axb5 23. axb5 cxb5 24. Bxb5 Rc8 25. Qb2 Rxc1+ 26. Qxc1 Bxb5 27.
Rxb5 Qd7 28. Qb1 Qc8 29. Rxb7 N6d7 30. Rb5 Qc6 31. h3 Kg7 32. Ne2 Nf6 33. Nf4
N8d7 34. Nd3 Ne4 35. Qb2 Nd6 36. Rc5 Nxc5 37. dxc5+ 1-0

[Event "Pilsen Open 2015"]
[Site "Pilsen CZE"]
[Date "2015.11.24"]
[Round "3.15"]
[White "Ruzicka, Vaclav"]
[Black "Pribyl, Viktor"]
[Result "0-1"]
[WhiteElo "1642"]
[BlackElo "1830"]
[PlyCount "58"]
[EventDate "2015.11.22"]
[EventType "swiss"]
[EventRounds "7"]
[EventCountry "CZE"]
[Source "lmi"]
[SourceDate "2015.11.22"]

1. d4 Nf6 2. c4 g6 3. Nf3 Bg7 4. g3 O-O 5. Bg2 d5 6. O-O dxc4 7. Na3 c3 8. bxc3
c5 9. Nc4 Nc6 10. Nfe5 cxd4 11. Nxc6 bxc6 12. Qxd4 Nd5 13. Qd3 Ba6 14. Bb2 Rb8
15. Rab1 f5 16. Rfe1 e6 17. e4 Ne7 18. Qxd8 Rfxd8 19. Na5 Bd3 20. Ba3 Rxb1 21.
Rxb1 Bxb1 22. Bxe7 Rd1+ 23. Bf1 Bd3 24. Kg2 Bxf1+ 25. Kf3 e5 26. exf5 gxf5 27.
Bg5 Rd3+ 28. Be3 Bh6 29. Nc4 e4# 0-1

[Event "Pilsen Open 2015"]
[Site "Pilsen CZE"]
[Date "2015.11.24"]
[Round "3.16"]
[White "Spreer, Lutz"]
[Black "Thierry, Rein"]
[Result "1-0"]
[WhiteElo "1573"]
[BlackElo "1702"]
[PlyCount "51"]
[EventDate "2015.11.22"]
[EventType "swiss"]
[EventRounds "7"]
[EventCountry "CZE"]
[Source "lmi"]
[SourceDate "2015.11.22"]

1. e4 d5 2. Nf3 dxe4 3. Ng5 e3 4. f4 Nf6 5. Bc4 e6 6. d4 Be7 7. O-O h6 8. Nf3
O-O 9. Nc3 Nd5 10. Ne5 Nxc3 11. bxc3 Nd7 12. Bxe3 Nf6 13. f5 exf5 14. Qf3 Ne4
15. Nxf7 Rxf7 16. Bxf7+ Kh8 17. Bg6 Bg5 18. Rae1 Qf6 19. Bxf5 Bxf5 20. Qxf5
Nxc3 21. Qh3 Bxe3+ 22. Qxe3 Qc6 23. Rf5 b6 24. Qe5 Rd8 25. Rf7 Nd5 26. Qxg7#
1-0

[Event "Pilsen Open 2015"]
[Site "Pilsen CZE"]
[Date "2015.11.25"]
[Round "4.1"]
[White "Docekal, Jan"]
[Black "Piankov, Evgenij"]
[Result "1-0"]
[WhiteElo "2276"]
[BlackElo "2233"]
[PlyCount "97"]
[EventDate "2015.11.22"]
[EventType "swiss"]
[EventRounds "7"]
[EventCountry "CZE"]
[Source "lmi"]
[SourceDate "2015.11.22"]

1. b4 d5 2. Bb2 Nf6 3. Nf3 Bf5 4. e3 e6 5. a3 a5 6. b5 Be7 7. Be2 O-O 8. O-O
Nbd7 9. Nh4 Bg6 10. d3 Ne8 11. Nxg6 hxg6 12. Nd2 Nd6 13. a4 Bf6 14. Qc1 c6 15.
Bxf6 Qxf6 16. bxc6 bxc6 17. c4 Rfb8 18. d4 Qd8 19. c5 Nf5 20. Qc3 Rb4 21. Rfb1
Rab8 22. Rxb4 Rxb4 23. Rb1 Qb8 24. Rxb4 axb4 25. Qb2 e5 26. a5 exd4 27. exd4
Ne7 28. g3 Nc8 29. Qb3 Na7 30. Qe3 Nb5 31. Nb3 Nf8 32. Qe5 Qxe5 33. dxe5 Na7
34. f4 f6 35. Kf2 fxe5 36. fxe5 Nd7 37. e6 Nf6 38. Ke3 Kf8 39. Kf4 Ke7 40. Kg5
Kxe6 41. Kxg6 Ke5 42. h4 Ne4 43. g4 Nc3 44. Bd3 Kf4 45. g5 Ne4 46. h5 Nxg5 47.
Kxg7 Ke3 48. Bf5 Kf4 49. Kf6 1-0

[Event "Pilsen Open 2015"]
[Site "Pilsen CZE"]
[Date "2015.11.25"]
[Round "4.2"]
[White "Plischki, Sebastian"]
[Black "Chudinovskikh, Alexander M"]
[Result "0-1"]
[WhiteElo "2392"]
[BlackElo "2235"]
[PlyCount "80"]
[EventDate "2015.11.22"]
[EventType "swiss"]
[EventRounds "7"]
[EventCountry "CZE"]
[Source "lmi"]
[SourceDate "2015.11.22"]

1. d4 Nf6 2. c4 e6 3. Nf3 d5 4. Nc3 Be7 5. Bg5 O-O 6. e3 Nbd7 7. Rc1 c6 8. Bd3
dxc4 9. Bxc4 h6 10. Bh4 b5 11. Bd3 a6 12. a4 bxa4 13. Nxa4 Qa5+ 14. Nd2 Bb4 15.
Nc3 c5 16. O-O cxd4 17. Nb3 Qd8 18. Nxd4 Bb7 19. Qe2 Ne5 20. Be4 Bxe4 21. Nxe4
Be7 22. Bxf6 Bxf6 23. Rfd1 Qe7 24. f4 Ng6 25. Nc6 Qb7 26. Nxf6+ gxf6 27. Nd4
Qe4 28. Qd3 Qxd3 29. Rxd3 Rfd8 30. Rcd1 Rab8 31. b3 e5 32. Nf5 Rxd3 33. Rxd3
exf4 34. Nxh6+ Kg7 35. Nf5+ Kh7 36. Rd6 Rxb3 37. exf4 Nxf4 38. Rxf6 Rb1+ 39.
Kf2 Rb2+ 40. Kg3 Nh5+ 0-1